| 000 | nam a22 7a 4500 | ||
|---|---|---|---|
| 999 |
_c54110 _d54110 |
||
| 005 | 20200703171408.0 | ||
| 008 | 200703b xxu||||| |||| 00| 0 eng d | ||
| 040 | _aANE | ||
| 041 | _aEs | ||
| 100 | _aMolina Fuentes,Mariana Guadalupe | ||
| 245 |
_aEl conflicto Cristero en México: _bel otro lado de la Revolución |
||
| 300 | _a26 p. | ||
| 650 | _aGuerra Cristera, Iglesia Católica, Estado postrevolucionario, guerra religiosa México | ||
| 856 | _uhttp://documentacion.asambleanacional.gob.ec/alfresco/d/d/workspace/SpacesStore/59184bb6-8709-4780-912d-29b73c1aa29d/Dialnet-ElConflictoCristeroEnMexico-6340139.pdf | ||
| 942 |
_2ddc _cBV _zmbc |
||